Digitálna komunikácia slovenských kúpeľných podnikov: Analýza komunikácie na sociálnej sieti Facebook
Tento článok sa zaoberá digitálnou komunikáciou slovenských kúpeľných spoločností na sociálnych sieťach Facebook a Instagram. Cieľom tejto štúdie je analyzovať, ako tieto firmy využívajú túto populárnu platformu na komunikáciu so svojimi cieľovými skupinami a aký je vplyv ich komunikačných stratégií...
Saved in:
| Main Author: | |
|---|---|
| Format: | Book Chapter |
| Language: | Slovak |
| Subjects: | |
| Tags: |
No Tags, Be the first to tag this record!
|
MARC
| LEADER | 00000naa$a2200000$$$4500 | ||
|---|---|---|---|
| 001 | 0298651 | ||
| 005 | 20240502074530.2 | ||
| 041 | 0 | |a slo | |
| 044 | |a SK | ||
| 245 | 1 | 0 | |a Digitálna komunikácia slovenských kúpeľných podnikov: Analýza komunikácie na sociálnej sieti Facebook |c Samuel Chlpek |
| 520 | |a Tento článok sa zaoberá digitálnou komunikáciou slovenských kúpeľných spoločností na sociálnych sieťach Facebook a Instagram. Cieľom tejto štúdie je analyzovať, ako tieto firmy využívajú túto populárnu platformu na komunikáciu so svojimi cieľovými skupinami a aký je vplyv ich komunikačných stratégií na ich online prítomnosť. Na zber a analýzu údajov z verejných profilov slovenských kúpeľov na Facebooku sme použili kombináciu kvantitatívnych a kvalitatívnych metód. Naša analýza zahŕňa analýzu obsahu príspevkov, komentárov a interakcií s fanúšikmi. | ||
| 610 | 2 | 0 | |a kúpeľníctvo |
| 610 | 2 | 0 | |a ruch cestovný |
| 610 | 2 | 0 | |a siete sociálne |
| 610 | 2 | 0 | |a komunikácia elektronická |
| 610 | 2 | 0 | |a marketing elektronický |
| 100 | 1 | |a Chlpek, Samuel, 1996- | |